Probability, Random Processes And Queuing Theory (Record no. 201118)

MARC details
000 -LEADER
fixed length control field 00509nam a2200181Ia 4500
008 - FIXED-LENGTH DATA ELEMENTS--GENERAL INFORMATION
fixed length control field 230714s9999 xx 000 0 und d
020 ## - INTERNATIONAL STANDARD BOOK NUMBER
International Standard Book Number 9790000000000
041 ## - LANGUAGE CODE
Language code of text/sound track or separate title eng
082 ## - DEWEY DECIMAL CLASSIFICATION NUMBER
Classification number 519.2
Item number MOO
100 ## - MAIN ENTRY--PERSONAL NAME
Personal name Moorthy M.B.K.
9 (RLIN) 173980
245 ## - TITLE STATEMENT
Title Probability, Random Processes And Queuing Theory
250 ## - EDITION STATEMENT
Edition statement 2nd Ed.
260 ## - PUBLICATION, DISTRIBUTION, ETC. (IMPRINT)
Date of publication, distribution, etc. 2010
Name of publisher, distributor, etc. Scitech Publication
300 ## - PHYSICAL DESCRIPTION
Extent 683
365 ## - TRADE PRICE
Currency code Rs.
Price amount 325.00
700 ## - ADDED ENTRY--PERSONAL NAME
Personal name Moorthy M.B.K.
9 (RLIN) 173980
906 ## - LOCAL DATA ELEMENT F, LDF (RLIN)
d O:0100313-Aug-2010B:110019-Jul-2010
c ME ETC
b 130

No items available.